[Event "St Ingbert op"]
[Site "St Ingbert"]
[Date "1989.??.??"]
[Round "5"]
[White "Indjic, Dusan"]
[Black "Stratil, Ladislav Jr"]
[Result "1-0"]
[WhiteElo "2360"]
[BlackElo "2390"]

1.d4 Nf6 2.Nf3 g6 3.c4 Bg7 4.Nc3 d6 5.e4 O-O 6.Be2 e5 7.d5 a5 8.Bg5 h6 9.Bh4 Na6
10.Nd2 Qe8 11.a3 Bd7 12.b3 Nh7 13.Rb1 f5 14.f3 h5 15.Bf2 Nf6 16.b4 axb4 17.axb4 Bh6
18.c5 Kg7 19.O-O Qe7 20.c6 bxc6 21.dxc6 Be6 22.Nc4 fxe4 23.Nxe4 Nxe4 24.fxe4 Rab8
25.Qe1 Ra8 26.Ne3 Qe8 27.Ra1 Bxe3 28.Bxe3 Rxf1+ 29.Bxf1 Nxb4 30.Rxa8 Qxa8
31.Qxb4 Qxc6 32.h3 Qd7 33.Bc1 Qc8 34.Qd2 Kf7 35.Qf2+ Kg8 36.Qf6 Qe8 37.Bh6 Qf7
38.Qd8+ Kh7 39.Bg5 Kg7 40.Bb5 Bc4 41.Bxc4 Qxc4  1-0

[Event "St Ingbert op"]
[Site "St Ingbert"]
[Date "1989.??.??"]
[Round "8"]
[White "Legky, Nikolay A"]
[Black "Hausner, Ivan"]
[Result "1-0"]
[WhiteElo "2465"]
[BlackElo "2440"]

1.d4 d6 2.c4 e5 3.Nc3 Nd7 4.Nf3 g6 5.e4 Bg7 6.Be2 Ngf6 7.O-O O-O 8.Qc2 c6
9.Rd1 Qe7 10.d5 c5 11.a3 Ne8 12.g3 f5 13.Ng5 Ndf6 14.exf5 gxf5 15.b4 h6 16.Nf3 Nd7
17.Nh4 Qf7 18.Rb1 b6 19.Bd2 e4 20.Ng2 Ne5 21.Nf4 Nf6 22.bxc5 bxc5 23.Nb5 Qe7
24.Bc3 Kh7 25.Bxe5 dxe5 26.d6 Qf7 27.Nd5 Bd7 28.Nbc7 Rab8 29.Rxb8 Rxb8 30.Na6 Rd8
31.Nxc5 Nxd5 32.cxd5 Bf8 33.Rb1 Rc8 34.Ba6 Rd8 35.Nxd7 Rxd7 36.Bc8 Rxd6 37.Rb7 Be7
38.Qc7 Rxd5 39.Qxe7 Qxe7 40.Bxf5+  1-0

[Event "St Ingbert op"]
[Site "St Ingbert"]
[Date "1989.??.??"]
[Round "9"]
[White "Indjic, Dusan"]
[Black "Dena, Branislav"]
[Result "1-0"]
[WhiteElo "2360"]
[BlackElo "2270"]

1.d4 Nf6 2.Nf3 g6 3.c4 Bg7 4.Nc3 O-O 5.e4 d6 6.Be2 e5 7.d5 a5 8.Bg5 h6 9.Bh4 Na6
10.Nd2 c6 11.O-O Qc7 12.a3 Bd7 13.Rc1 Nh7 14.Kh1 f5 15.f3 c5 16.Nb5 Bxb5
17.cxb5 Nb8 18.b6 Qf7 19.Nc4 g5 20.Be1 Qe7 21.Bxa5 f4 22.Be1 Nf6 23.b4 Nbd7
24.b5 Rf7 25.a4 g4 26.Bh4 Qf8 27.a5 h5 28.Ra1 Bh6 29.a6 Rb8 30.a7 Ra8 31.fxg4 Nxe4
32.Qc2 Ndf6 33.Bf3 Ng5 34.Qg6+ Qg7 35.Qxg7+ Rxg7 36.Nxd6 hxg4 37.Bd1 Nxd5
38.Bb3 Kh8 39.Bxd5 Rd7 40.Bxb7 Rxb7 41.Nxb7  1-0

[Event "Stavanger op"]
[Site "Stavanger"]
[Date "1989.??.??"]
[Round "2"]
[White "Agdestein, Espen"]
[Black "Fossan, Petter"]
[Result "1/2-1/2"]
[WhiteElo "2335"]
[BlackElo "2305"]

1.d4 Nf6 2.Nf3 g6 3.c4 Bg7 4.Nc3 O-O 5.e4 d6 6.Be2 e5 7.O-O Nbd7 8.Qc2 c6
9.Rd1 exd4 10.Nxd4 Qe7 11.Bf4 Re8 12.f3 Nh5 13.Bc1 a5 14.Bf1 Nc5 15.Qf2 a4
16.Rb1 Ne6 17.Nxe6 Bxe6 18.a3 f5 19.Be3 Be5 20.Bd4 fxe4 21.Nxe4 Bf5 22.Bxe5 dxe5
23.Re1 Rad8 24.Re3 Bxe4 25.Rxe4 Nf6 26.Re3 e4 27.Rbe1  1/2-1/2

[Event "SWE-ch"]
[Site "?"]
[Date "1989.??.??"]
[Round "?"]
[White "Akesson, Ralf"]
[Black "Winsnes, Rikard"]
[Result "1-0"]
[WhiteElo "2445"]
[BlackElo "2355"]

1.d4 Nf6 2.c4 g6 3.Nc3 Bg7 4.e4 d6 5.Be2 O-O 6.Nf3 e5 7.O-O Nbd7 8.Be3 c6
9.d5 c5 10.Ne1 Ne8 11.Nd3 f5 12.f4 exf4 13.Nxf4 Ne5 14.Qd2 Nf6 15.exf5 Bxf5
16.Ne6 Bxe6 17.dxe6 Qe7 18.Nd5 Nxd5 19.cxd5 Rxf1+ 20.Rxf1 Rf8 21.Rxf8+ Kxf8
22.b4 b6 23.bxc5 bxc5 24.Qa5 Bf6 25.Bh6+ Bg7 26.Be3 Bf6 27.Bh6+ Bg7 28.Bf4 Bf6
29.Qb5 Qc7 30.h3 c4 31.Bd1 Qb6+ 32.Qxb6 axb6 33.Kf1 b5 34.Bc2 Ke7 35.Ke2 b4
36.Be3 h5 37.Bb6 c3 38.Bb3 Bg5 39.Ba5 Bd2 40.Bxb4 g5 41.a4  1-0

[Event "SWE-ch"]
[Site "?"]
[Date "1989.??.??"]
[Round "?"]
[White "Wessman, Richard"]
[Black "Winsnes, Rikard"]
[Result "1/2-1/2"]
[WhiteElo "2370"]
[BlackElo "2355"]

1.d4 Nf6 2.c4 g6 3.Nc3 Bg7 4.e4 d6 5.Nf3 O-O 6.Be2 e5 7.O-O Nbd7 8.Be3 Qe7
9.Qc2 c6 10.d5 c5 11.Ne1 Ne8 12.Bg4 f5 13.exf5 Nb6 14.f6 Nxf6 15.Bxc8 Raxc8
16.Ne4 Nxe4 17.Qxe4 Nd7 18.Nf3 Rf5 19.Qh4 Bf6 20.Qe4 Bg7 21.Rae1 Re8 22.Bc1 Nf6
23.Qe2 Nh5 24.g3 Ref8 25.Nh4 R5f7 26.f4 Bf6 27.fxe5 Qxe5 28.Qxe5 Bxe5 29.Rxf7 Rxf7
30.Kg2 Nf6 31.Nf3 Nd7 32.b3 Rf8 33.Bh6 Rb8 34.Re2 b5 35.Nxe5 Nxe5 36.cxb5 Rxb5
37.Bf4 Nf7 38.Re7 Ra5 39.a4 c4 40.bxc4 Rxa4 41.Rc7 g5 42.Be3 Ne5 43.Bxg5 Nxc4
44.Kh3 Nb6 45.Bh6 Re4 46.Rg7+ Kh8 47.Rxa7 Re8 48.Bg7+ Kg8 49.Bd4 Nxd5 50.Rg7+ Kf8
51.Rxh7 Re2 52.Rh5 Ne7 53.Rh6 d5 54.Rd6 Kf7 55.Rf6+ Ke8 56.Bc5 Rc2 57.Bd6 Kd7
58.Bf4 Rc4 59.Kg4 Ke8 60.h4 d4 61.Rd6 Nc8 62.Re6+ Kf7 63.Re1 Ne7 64.Re4 Nc6
65.h5 Rc5 66.Re1 d3 67.h6 Kg6 68.Re6+ Kh7 69.Rd6 Ne5+ 70.Kh3 Rc6 71.Rxc6 Nxc6
72.g4 Ne5 73.Kg3 Nc4 74.Kf3 Kg6 75.g5 Kh7 76.Kg4 Kg6 77.Kf3 Kh7  1/2-1/2

[Event "SWE-ch"]
[Site "?"]
[Date "1989.??.??"]
[Round "?"]
[White "Bergstrom, Christer"]
[Black "Sandstrom, Ludvig"]
[Result "1-0"]
[WhiteElo "2460"]
[BlackElo "2320"]

1.Nf3 Nf6 2.c4 g6 3.Nc3 Bg7 4.e4 d6 5.d4 O-O 6.Be2 e5 7.O-O Nbd7 8.Re1 c6
9.Bf1 Ng4 10.h3 exd4 11.Nxd4 Qb6 12.Qxg4 Bxd4 13.Qe2 Re8 14.Bf4 Be5 15.Be3 Qc7
16.Qd2 Nc5 17.Rad1 a5 18.Bh6 a4 19.Kh1 Re6 20.f4 Bh8 21.e5 Bd7 22.exd6 Qa5
23.Rxe6 Bxe6 24.Be2 a3 25.b4  1-0

[Event "SWZ-ch int"]
[Site "?"]
[Date "1989.??.??"]
[Round "10"]
[White "Brunner, Lucas"]
[Black "Summermatter, Daniel"]
[Result "1/2-1/2"]
[WhiteElo "2505"]
[BlackElo "2385"]

1.d4 Nf6 2.Nf3 g6 3.c4 Bg7 4.Nc3 O-O 5.e4 d6 6.Be2 Nbd7 7.O-O e5 8.d5 Nc5
9.Qc2 a5 10.Bg5 Qe8 11.Nd2 h6 12.Be3 Nh7 13.Rae1 b6 14.b3 Bd7 15.a3 f5 16.exf5 Bxf5
17.Nde4 g5 18.Bxc5 bxc5 19.Bd3 Qd7 20.Ng3 Bxd3 21.Qxd3 Rf4 22.Nce4 Qe8 23.Re3 h5
24.Qd1 g4 25.Ne2 Rf8 26.N2c3 Bh6 27.Ree1 Qg6 28.f3 Kg7 29.Qe2 gxf3 30.Rxf3 Rxf3
31.Qxf3 Rf8 32.Qe2 Qg4 33.g3 Qxe2 34.Rxe2 Rf3 35.Kg2 Rd3 36.Nb5 Nf6 37.Nxc7 Nxe4
38.Rxe4 Kg6 39.g4 Rxb3 40.Nb5 Bf4 41.gxh5+ Kxh5 42.Nxd6 Kg4 43.Re2 Rh3 44.Kf1 Rc3
45.Nb5 Rxc4 46.d6 Rc1+ 47.Re1 Rc2 48.Rd1 Kf3 49.d7 Rf2+ 50.Ke1 Re2+ 51.Kf1 Rf2+
52.Ke1  1/2-1/2

[Event "Tallinn-B"]
[Site "Tallinn"]
[Date "1989.??.??"]
[Round "?"]
[White "Karner, Hillar"]
[Black "Bokan, Danko"]
[Result "1/2-1/2"]
[WhiteElo "2365"]
[BlackElo "2255"]

1.d4 Nf6 2.Nf3 g6 3.c4 Bg7 4.Nc3 O-O 5.e4 d6 6.Be2 e5 7.O-O Na6 8.d5 Nc5
9.Bg5 h6 10.Bxf6 Bxf6 11.b4 Nd7 12.g3 b6 13.Qc2 Bg7 14.Nh4 Nf6 15.Rfc1 Nh7
16.c5 Bf6 17.Nf3 Bg5 18.Re1 f5 19.cxd6 cxd6 20.exf5 Bxf5 21.Bd3 Rc8 22.h4 e4
23.Bxe4 Bxe4 24.Qxe4 Rxc3 25.Nd4 Qf6 26.f3 Bd2 27.Re2 Bc1 28.Kg2 Rc4 29.Qe6+ Qxe6
30.dxe6 Rxd4 31.Rxc1 Nf6 32.Rc7 Rxb4 33.Rxa7 d5 34.a3 Rb3 35.Rc2 Re8 36.Rcc7 Rxe6
37.Rg7+ Kf8 38.Rxg6 Rb2+ 39.Kh3 Rbe2 40.Rxh6 Ng8 41.Rhh7 Re7 42.Ra8+ Re8
43.Ra4 R2e6 44.g4 Rf6 45.Kg3 Rf7 46.Rf4 Rxf4 47.Kxf4 Ra8 48.g5 Rxa3 49.h5 d4
50.Rd7 d3 51.h6 Ra4+ 52.Kf5 Ra5+ 53.Kg4 Nxh6+ 54.gxh6 Kg8 55.Rxd3 Kh7 56.Rd6 b5
57.f4 b4 58.Rb6 Ra1 59.f5 Rg1+ 60.Kf4 b3 61.Ke5 Re1+ 62.Kf6 Re3 63.Kf7 Rf3
64.f6 Kxh6 65.Rb8 Kh7 66.Ke7 Re3+ 67.Kf8 Kg6 68.f7 Kh7 69.Re8 b2 70.Rb8  1/2-1/2

[Event "Tallinn-B"]
[Site "Tallinn"]
[Date "1989.??.??"]
[Round "?"]
[White "Hermlin, Aarne"]
[Black "Bokan, Danko"]
[Result "1-0"]
[WhiteElo "2375"]
[BlackElo "2255"]

1.d4 Nf6 2.Nf3 g6 3.c4 Bg7 4.Nc3 O-O 5.e4 d6 6.Be2 e5 7.Be3 Qe7 8.dxe5 dxe5
9.Nd5 Nxd5 10.cxd5 Rd8 11.Qb3 c6 12.d6 Qe8 13.Rd1 b5 14.h4 Be6 15.Qc2 f6
16.h5 Bf8 17.Bc5 Nd7 18.b4 a5 19.a3 axb4 20.axb4 Ra2 21.Qb1 Rda8 22.hxg6 hxg6
23.Nd2 R8a3 24.Rc1 Qb8 25.Bd1 Bxd6 26.Bb3 Bxb3 27.Nxb3 Nxc5 28.bxc5 Qa7 29.Qd3 Bxc5
30.Qd8+ Bf8 31.Qxf6 Qg7 32.Qe6+ Qf7 33.Rh8+ Kxh8 34.Qxf7 Bb4+ 35.Kf1 Ra7
36.Qe8+ Kh7 37.Rxc6 Rg7 38.Rc8  1-0

[Event "Tarrassa"]
[Site "Tarrassa"]
[Date "1989.??.??"]
[Round "?"]
[White "Bellon Lopez, Juan Manuel"]
[Black "Pablo Marin, Alejandro"]
[Result "1-0"]
[WhiteElo "2470"]
[BlackElo "2390"]

1.d4 Nf6 2.c4 g6 3.Nc3 Bg7 4.e4 d6 5.Be2 O-O 6.Nf3 e5 7.dxe5 dxe5 8.Qxd8 Rxd8
9.Bg5 Re8 10.Nd5 Nxd5 11.cxd5 c6 12.Bc4 cxd5 13.Bxd5 Nc6 14.O-O-O Nb4 15.Bb3 Be6
16.Bxe6 Rxe6 17.Kb1 Na6 18.Be3 f5 19.Rd5 b6 20.Rc1 h6 21.Rc4 f4 22.Bd2 Rae8
23.Bc3 R6e7 24.Rc6 Kf7 25.b4 g5 26.a4 Re6 27.Rc4 Bf6 28.h3 h5 29.Kc2 g4 30.Rd7+ R6e7
31.Rxe7+ Rxe7 32.hxg4 hxg4 33.Nh2 g3 34.fxg3 fxg3 35.Ng4 Bg7 36.Ne3 Rc7 37.Rxc7+ Nxc7
38.Nf5 Bf6 39.Nxg3 Ne6 40.Nf5 a5 41.Kb3 axb4 42.Kxb4 Bd8 43.Kb5 Ng5 44.Bxe5 Nxe4
45.Nd6+ Ke6 46.Nxe4 Kxe5 47.Nd2 Kd6 48.Nc4+ Kc7 49.Nxb6 Bh4 50.a5  1-0

[Event "URS-ch U26"]
[Site "Tbilisi"]
[Date "1989.??.??"]
[Round "?"]
[White "Epishin, Vladimir"]
[Black "Neverov, Valeriy"]
[Result "1/2-1/2"]
[WhiteElo "2465"]
[BlackElo "2430"]

1.d4 Nf6 2.c4 g6 3.Nc3 Bg7 4.e4 d6 5.Be2 O-O 6.Nf3 e5 7.O-O Na6 8.Rb1 exd4
9.Nxd4 Re8 10.f3 c6 11.Kh1 Nh5 12.g4 Nf6 13.Bf4 h5 14.g5 Nd7 15.Qd2 Ne5 16.Rbd1 Qe7
17.Rg1 Bh3 18.Rg3 Bd7 19.Be3 Rad8 20.Rf1 Nc5 21.b4 Bc8 22.Nc2 Be6 23.bxc5 dxc5
24.Nd5 cxd5 25.cxd5 Bc8 26.Rgg1 Bh3 27.Rf2 a6 28.a4 b5 29.axb5 axb5 30.Rg3 Bd7
31.d6 Qe6 32.Bxc5 Qa2 33.Bd1  1/2-1/2

[Event "URS-ch U26"]
[Site "Tbilisi"]
[Date "1989.??.??"]
[Round "?"]
[White "Dautov, Rustem"]
[Black "Savchenko, Stanislav"]
[Result "1-0"]
[WhiteElo "2535"]
[BlackElo "2480"]

1.d4 Nf6 2.c4 g6 3.Nc3 Bg7 4.Nf3 O-O 5.e4 d6 6.Be2 e5 7.O-O Na6 8.Qc2 Nb4
9.Qd1 Bg4 10.d5 a5 11.Be3 b6 12.a3 Na6 13.h3 Bd7 14.Nd2 Ne8 15.Rc1 f5 16.exf5 gxf5
17.f4 Nf6 18.Bd3 exf4 19.Bxf4 Nc5 20.Bc2 Qe8 21.Qf3 a4 22.Rce1 Qg6 23.Re7 Rae8
24.Rxe8 Rxe8 25.Nb5 Bxb5 26.cxb5 Nfe4 27.Nc4 Rf8 28.Bc1 h5 29.Qd1 Ng5 30.Kh2 Nge4
31.Bf4 Qf7 32.g3 Kh8 33.Be3 Qg6 34.Qf3 Rg8 35.Bf4 Rf8 36.Bd1 Nf6 37.Bc1 Nce4
38.Ne3 Bh6 39.Bc2 h4 40.gxh4 Nh5 41.Nxf5 Neg3 42.Qc3+ Bg7 43.Nxg3  1-0

[Event "URS-ch U26"]
[Site "Tbilisi"]
[Date "1989.??.??"]
[Round "?"]
[White "Shirov, Alexei"]
[Black "Epishin, Vladimir"]
[Result "1/2-1/2"]
[WhiteElo "2450"]
[BlackElo "2465"]

1.d4 Nf6 2.Nf3 g6 3.c4 Bg7 4.Nc3 O-O 5.e4 d6 6.Be2 e5 7.O-O Na6 8.Re1 c6
9.Bf1 Bg4 10.d5 c5 11.Bg5 Qd7 12.Be2 Bxf3 13.Bxf3 Kh8 14.a3 Ng8 15.Bg4 f5
16.exf5 gxf5 17.Bh3 Qf7 18.f4 Ne7 19.fxe5 Bxe5 20.Qd2 Rae8 21.Rf1 Qg6 22.Rf3 Bg7
23.Raf1 Nc7 24.Bh4 Bh6 25.Qc2 f4 26.Qb3  1/2-1/2

[Event "Tel Aviv-B"]
[Site "Tel Aviv"]
[Date "1989.??.??"]
[Round "?"]
[White "Soffer, Ram"]
[Black "Lahav, Ehud"]
[Result "1/2-1/2"]
[WhiteElo "2365"]
[BlackElo "2395"]

1.d4 Nf6 2.c4 g6 3.Nc3 Bg7 4.e4 d6 5.Nf3 O-O 6.Be2 e5 7.O-O Nbd7 8.Qc2 c6
9.Rd1 Qe7 10.d5 c5 11.g3 Ng4 12.Nh4 Nb8 13.Bd2 Na6 14.f3 Nf6 15.a3 Nh5 16.Ng2 f5
17.Rf1 Nf6 18.Bd3 fxe4 19.Nxe4 Nxe4 20.Bxe4 Bd7 21.Bd3 Nc7 22.b4 cxb4 23.axb4 b5
24.Ra5 a6 25.Ne3 bxc4 26.Nxc4 Bb5 27.Na3 Bxd3 28.Qxd3 Rab8 29.Qe4 Rf7 30.Kg2 Qf8
31.Nc4 Rb5 32.Rc1 Bh6 33.Rxb5 Bxd2 34.Nxd2 Nxb5 35.Nb3 Rd7 36.Na5 Nc7 37.Nc6 Rf7
38.Ra1 Rg7 39.Rd1 Rf7 40.Rd3 Rg7 41.Qc4  1/2-1/2

[Event "Tel Aviv-A"]
[Site "Tel Aviv"]
[Date "1989.??.??"]
[Round "3"]
[White "Winants, Luc"]
[Black "Davies, Nigel R"]
[Result "1/2-1/2"]
[WhiteElo "2435"]
[BlackElo "2485"]

1.d4 Nf6 2.c4 g6 3.Nc3 Bg7 4.e4 d6 5.Be2 O-O 6.Nf3 e5 7.O-O Na6 8.d5 Nc5
9.Qc2 a5 10.Bg5 h6 11.Be3 b6 12.Nd2 Bg4 13.a3 Bxe2 14.Nxe2 Ng4 15.Bxc5 bxc5
16.Rab1 a4 17.Nc3  1/2-1/2

[Event "Tel Aviv-A"]
[Site "Tel Aviv"]
[Date "1989.??.??"]
[Round "3"]
[White "Lev, Ronen"]
[Black "Rechlis, Gad"]
[Result "1-0"]
[WhiteElo "2415"]
[BlackElo "2500"]

1.d4 g6 2.c4 Bg7 3.Nc3 Nf6 4.e4 O-O 5.Nf3 d6 6.Be2 e5 7.O-O exd4 8.Nxd4 Re8
9.f3 c6 10.Kh1 Nbd7 11.Nc2 Nb6 12.Bg5 d5 13.c5 Nbd7 14.exd5 Nxc5 15.dxc6 Qxd1
16.Raxd1 bxc6 17.Nd4 Bd7 18.Bc4 a5 19.b3 h6 20.Bf4 a4 21.b4 Ne6 22.Bxe6 Bxe6
23.Nxc6 Rac8 24.b5 Nh5 25.Bd2 a3 26.Rfe1 Nf4 27.Bxf4 Bxc3 28.Re3 Bb2 29.Rde1 Bd7
30.Rxe8+ Rxe8 31.Rxe8+ Bxe8 32.Ne7+ Kf8 33.b6 Bd4 34.b7 Ba7 35.Bd6  1-0

[Event "Tel Aviv-A"]
[Site "Tel Aviv"]
[Date "1989.??.??"]
[Round "5"]
[White "Lev, Ronen"]
[Black "Davies, Nigel R"]
[Result "0-1"]
[WhiteElo "2415"]
[BlackElo "2485"]

1.d4 Nf6 2.c4 g6 3.Nc3 Bg7 4.e4 d6 5.Nf3 O-O 6.Be2 e5 7.O-O Qe8 8.dxe5 dxe5
9.b3 Qe7 10.Nd5 Nxd5 11.cxd5 c6 12.Bb2 Rd8 13.Re1 Na6 14.Qc1 cxd5 15.exd5 f6
16.Bc4 Kh8 17.Ba3 Qd7 18.d6 b5 19.Bd5 Bb7 20.Rd1 Rac8 21.Qe3 Bxd5 22.Rxd5 b4
23.Bb2 Rc2 24.Ra5 Qxd6 25.Qxa7 Nb8  0-1

[Event "Tirnavia-C"]
[Site "Trnava"]
[Date "1989.??.??"]
[Round "2"]
[White "Drtina, Milan"]
[Black "Frolov, Artur"]
[Result "0-1"]
[WhiteElo "2225"]
[BlackElo "2435"]

1.c4 Nf6 2.d4 g6 3.Nc3 Bg7 4.e4 d6 5.Be2 O-O 6.Nf3 e5 7.dxe5 dxe5 8.Qxd8 Rxd8
9.Bg5 Nbd7 10.O-O-O Rf8 11.h3 c6 12.Be3 Re8 13.Nh2 Bf8 14.Ng4 Bb4 15.f3 Nh5
16.Rhe1 Bc5 17.Bxc5 Nxc5 18.b4 Ne6 19.c5 Nd4 20.Bc4 Bxg4 21.hxg4 Nf4 22.Rd2 a5
23.a3 axb4 24.axb4 Ra1+ 25.Nb1 Rea8 26.Red1 R8a4 27.Rb2 Kg7 28.g3 Nh3 29.f4 R4a3
30.Rh2 Nb3+ 31.Bxb3 Rxb3 32.Rb2 Rxg3 33.fxe5 Nf4 34.Kc2 Rxg4 35.Rd7 h5 36.Rxb7 h4
37.Rd7 Ne6 38.Kd3 h3 39.Rf2 Nf4+ 40.Rxf4 Rxf4  0-1

[Event "Tirnavia-B"]
[Site "Trnava"]
[Date "1989.??.??"]
[Round "6"]
[White "Lechtynsky, Jiri"]
[Black "Bilek, Istvan"]
[Result "1/2-1/2"]
[WhiteElo "2450"]
[BlackElo "2410"]

1.d4 Nf6 2.Nf3 g6 3.c4 Bg7 4.Nc3 O-O 5.e4 d6 6.Be2 Nbd7 7.O-O e5 8.Re1 c6
9.Bf1 Re8 10.Rb1 exd4 11.Nxd4 Ne5 12.h3 a6 13.Bf4 Bd7 14.Nc2 Nh5 15.Be3 Be6
16.g4 Nf6 17.b3 Nfxg4 18.hxg4 Bxg4 19.Be2 Qh4 20.Bd4 Bxe2 21.Qxe2 Qh3 22.Bxe5 Rxe5
23.Qe3 Qg4+ 24.Kf1 Rh5 25.f3 Qg3 26.Ne2 Qh3+ 27.Kf2 Qh2+ 28.Kf1 Qh3+ 29.Kf2 Qh2+  1/2-1/2

[Event "Tirnavia-B"]
[Site "Trnava"]
[Date "1989.??.??"]
[Round "7"]
[White "Ostenstad, Berge"]
[Black "Savon, Vladimir A"]
[Result "1/2-1/2"]
[WhiteElo "2410"]
[BlackElo "2425"]

1.d4 Nf6 2.Nf3 g6 3.c4 Bg7 4.Nc3 O-O 5.e4 d6 6.Be2 e5 7.O-O Nbd7 8.Qc2 h6
9.Rd1 Nh7 10.dxe5 dxe5 11.Rb1 c6 12.Be3 Re8 13.Qd2 h5 14.c5 Qe7 15.b4 Ndf8
16.h3  1/2-1/2

[Event "Tirnavia-B"]
[Site "Trnava"]
[Date "1989.??.??"]
[Round "9"]
[White "Banas, Jan"]
[Black "Basin, Leonid"]
[Result "1/2-1/2"]
[WhiteElo "2410"]
[BlackElo "2445"]

1.c4 Nf6 2.Nc3 g6 3.e4 d6 4.d4 Bg7 5.Be2 O-O 6.Nf3 e5 7.d5 Nbd7 8.O-O Nc5
9.Qc2 a5 10.Bg5 h6 11.Be3 Nh5 12.g3 Bh3 13.Rfe1 f5 14.exf5 Bxf5 15.Qd2 g5
16.Nxg5 Nf4 17.gxf4 exf4 18.Bxf4 hxg5 19.Bxg5 Qe8 20.Bf4 a4 21.Bg3 Qg6 22.Bf1 Rf7
23.Rad1 Raf8 24.Kh1 Bg4 25.Be2 Bh3 26.Rg1 Qf5 27.f3 Kh8 28.Bf2 Qf4 29.Be3 Qh4
30.Rg3 Bf5 31.Bd4 Rg8 32.Rxg7 Rgxg7 33.Bxg7+ Rxg7 34.Qe3 Nd7 35.Rg1 Rxg1+
36.Qxg1 Ne5 37.Qg3 Qd4 38.Qg5 Bc2 39.Qd8+ Kg7 40.Qxc7+ Nf7 41.a3 Bf5 42.Qe7 Qf2
43.Nd1 Qe1+ 44.Kg2 Bd3 45.Nc3 Qd2 46.Kf2 Qxb2 47.Qe3 Qxc3 48.Qxd3 Qe5 49.h4 Qh2+
50.Ke3 Ne5 51.Qe4 Qg1+ 52.Kd2 Qa1 53.f4 Qb2+ 54.Ke1 Ng6 55.Kf2 Qf6 56.h5 Nxf4
57.Ke3 Nxe2 58.Kxe2 Qb2+ 59.Kf3 Qxa3+ 60.Kg4 Qc3 61.Qg6+ Kh8 62.Qe8+ Kh7
63.Qxa4 Qd4+ 64.Kf3 Qc3+ 65.Kf2 Qd2+ 66.Kf1 Kh6 67.Qe8 Qf4+ 68.Ke1 Qc1+  1/2-1/2

[Event "Wch U20"]
[Site "Tunja"]
[Date "1989.??.??"]
[Round "12"]
[White "Van Wely, Loek"]
[Black "Shirov, Alexei"]
[Result "0-1"]
[WhiteElo "2320"]
[BlackElo "2495"]

1.d4 Nf6 2.c4 g6 3.Nc3 Bg7 4.e4 d6 5.Nf3 O-O 6.Be2 e5 7.Be3 Ng4 8.Bg5 f6
9.Bh4 Nc6 10.O-O g5 11.Bg3 Nh6 12.d5 Ne7 13.Nd2 Ng6 14.Rc1 f5 15.exf5 Bxf5
16.Nde4 Nf4 17.c5 Bg6 18.Re1 Nxe2+ 19.Qxe2 Nf5 20.Qb5 g4 21.Qxb7 h5 22.Nb5 Rb8
23.Qa6 h4 24.a4 hxg3 25.hxg3 Nd4 26.cxd6 cxd6 27.Qxa7 Bxe4 28.Rxe4 Qf6 29.Rf1 Nxb5
30.axb5 Rxb5 31.Rxg4 Rxb2 32.Rc4 Rd2 33.Rc7 Rf7 34.g4 Rxc7 35.Qxc7 Rxd5 36.g5 Qf7
37.Qc8+ Kh7 38.Rb1 Rd2 39.Qh3+ Kg6 40.g4 Kxg5 41.f4+ exf4 42.Rb5+ Be5  0-1

[Event "Uzes op"]
[Site "Uzes"]
[Date "1989.??.??"]
[Round "8"]
[White "Jamme, Jean Pierre"]
[Black "Bourquin, Pascal"]
[Result "0-1"]
[WhiteElo "1810"]
[BlackElo "2070"]

1.d4 Nf6 2.c4 g6 3.Nc3 Bg7 4.e4 d6 5.Nf3 O-O 6.Be2 e5 7.dxe5 dxe5 8.Bg5 Nbd7
9.O-O c6 10.Qc2 Qc7 11.b4 Re8 12.Rfd1 Nf8 13.Rd2 Bg4 14.Rad1 Bxf3 15.Bxf3 Ne6
16.Be3 Bf8 17.a3 Rec8 18.Ne2 b6 19.Nc1 c5 20.b5 Nd4 21.Qb2 Re8 22.Ne2 Rad8
23.Nc3 h6 24.Kh1 Bg7 25.Be2 Nh7 26.Nd5 Qd6 27.Bg4 Nf6 28.Nxf6+ Qxf6 29.f3 Ra8
30.Rf2 h5 31.Bh3 Qe7 32.Qc1 a6 33.a4 axb5 34.axb5 Ra4 35.g3 Rea8 36.Bf1 Ra3
37.Bd3 Ne6 38.Kg2 R8a7 39.Bh6 Ra1 40.Qd2 Rxd1 41.Qxd1 Bxh6  0-1

[Event "Val Maubuee op"]
[Site "Val Maubuee"]
[Date "1989.??.??"]
[Round "?"]
[White "Flear, Christine"]
[Black "Clech, Jean Louis"]
[Result "1-0"]
[WhiteElo "2170"]
[BlackElo "1870"]

1.d4 g6 2.c4 Bg7 3.e4 d6 4.Nc3 Nf6 5.Be2 Nbd7 6.Nf3 e5 7.O-O O-O 8.Qc2 exd4
9.Nxd4 Re8 10.Rd1 a6 11.Bg5 h6 12.Bh4 c5 13.Nb3 Qc7 14.Rd2 Bf8 15.Rad1 g5
16.Bg3 Ne5 17.Nc1 Be6 18.b3 Rad8 19.Nd3 Rd7 20.Qb2 Bg7 21.Qa3 Bf8 22.f4 gxf4
23.Nxf4 Nc6 24.Bh4 Nh7 25.Nfd5 Qa5 26.Qxa5 Nxa5 27.Nb6 Rc7 28.Bg3 Rc6 29.Nca4 Bg7
30.Rxd6 Bd4+ 31.Kh1 Rxd6 32.Bxd6 Bf5 33.Bxc5 Bxc5 34.Nxc5 Bxe4 35.Nxe4 Rxe4
36.Bd3 Re6 37.Nd5 Ng5 38.h4 Nh7 39.Rf1 Nc6 40.Bxh7+ Kxh7 41.Rxf7+  1-0

[Event "Val Maubuee"]
[Site "Val Maubuee"]
[Date "1989.??.??"]
[Round "1"]
[White "Flear, Glenn C"]
[Black "Kupreichik, Viktor D"]
[Result "1/2-1/2"]
[WhiteElo "2500"]
[BlackElo "2520"]

1.d4 Nf6 2.c4 g6 3.Nc3 Bg7 4.e4 d6 5.Be2 O-O 6.Nf3 e5 7.O-O Qe8 8.d5 Nh5
9.g3 f5 10.exf5 Bxf5 11.Ng5 Nf6 12.Bd3 Bd7 13.Qe2 Na6 14.Be3 Ng4 15.Nge4 Bh6
16.a3 Qe7 17.b4 Nb8 18.Kg2 Bf5 19.h3 Nxe3+ 20.fxe3 Nd7 21.Nf2 e4 22.Bxe4 Rae8
23.Rae1 Bxe4+ 24.Ncxe4 Ne5 25.Nd2 Qd7 26.Nd3 Rxf1 27.Qxf1 Nf7 28.Nf4 Qf5
29.Ne6 Qc2 30.Re2 c6 31.Qf3 Ne5 32.Qe4 Qc3 33.Qh4 Bg7 34.Nxg7 Kxg7 35.Qd4 Qxa3
36.dxc6 bxc6 37.Ne4 Qd3 38.Qxd3 Nxd3 39.Nxd6 Re6 40.Nc8 a6 41.b5 axb5 42.cxb5 cxb5
43.Rd2 Rxe3 44.Nd6 b4 45.Nc4 Ne1+ 46.Kf2 Re4 47.Ne3 b3 48.Rd1 Nc2 49.Nxc2 bxc2
50.Rd7+  1/2-1/2

[Event "Val Maubuee"]
[Site "Val Maubuee"]
[Date "1989.??.??"]
[Round "3"]
[White "Flear, Glenn C"]
[Black "Apicella, Manuel"]
[Result "1/2-1/2"]
[WhiteElo "2500"]
[BlackElo "2400"]

1.d4 Nf6 2.c4 g6 3.Nc3 Bg7 4.e4 d6 5.Be2 O-O 6.Nf3 Nbd7 7.O-O e5 8.Qc2 c6
9.Rd1 Qe7 10.d5 cxd5 11.Nxd5 Nxd5 12.Rxd5 Nf6 13.Rd1 b6 14.Bg5 Bb7 15.Nd2 Qc7
16.Qd3 Rad8 17.Rac1 h6 18.Bh4 Qb8 19.h3 Qa8 20.Bf3 Rd7 21.Re1 Ne8 22.Nb1 Bf6
23.Bg3 Ng7 24.Nc3 h5 25.Nd5 Bg5 26.Rc3 Ne6 27.Bd1 h4 28.Bh2 Nc5 29.Qe2 f5
30.Bc2 Ne6 31.Qd1 Rdf7 32.f3 Rc8 33.Kh1 Rff8 34.Bg1 Bxd5 35.cxd5 Rxc3 36.dxe6 Rxc2
37.Qxc2 Qc8 38.Qa4 Qc7 39.Rd1 Rc8 40.exf5 gxf5 41.Bf2 Qc2 42.Qxc2 Rxc2 43.f4 Bxf4
44.Bxh4 d5 45.Bf6 Bg3 46.Bxe5 Bxe5 47.Re1 Bd6 48.e7 Bxe7 49.Rxe7 a5 50.Rd7 Rxb2
51.Rxd5 f4 52.Rf5 Kg7 53.a3 Rb3 54.Kg1 Kg6 55.Rd5 Kf6 56.Kf2 Ke6 57.Rg5 Kd6
58.Rg6+ Kc5 59.Rg5+ Kc6 60.Rg6+ Kb5 61.Rg5+ Ka4 62.h4 Rxa3 63.h5 Rc3 64.h6 Rc7
65.Rf5 Rh7 66.Rxf4+ Kb3 67.Rf3+ Kb2 68.Rf6 b5 69.Rf5 b4 70.Rxa5 Rxh6 71.Rb5 b3
72.Kf3 Rc6 73.Kf4 Kc3 74.Kf5 Kc4 75.Rxb3 Kxb3 76.g4 Kc4 77.g5 Kd5 78.g6 Rc1
79.g7 Rg1 80.Kf6 Kd6  1/2-1/2

[Event "Vinkovci"]
[Site "Vinkovci"]
[Date "1989.??.??"]
[Round "?"]
[White "Kozul, Zdenko"]
[Black "Bellia, Fabrizio"]
[Result "1-0"]
[WhiteElo "2560"]
[BlackElo "2265"]

1.d4 Nf6 2.Nf3 g6 3.c4 Bg7 4.Nc3 d6 5.e4 O-O 6.Be2 e5 7.O-O c6 8.d5 cxd5
9.cxd5 Nbd7 10.Be3 Ng4 11.Bg5 f6 12.Bd2 Nh6 13.Qc2 a6 14.a4 Nf7 15.a5 Bh6
16.Rfc1 Ng5 17.Na4 Nxf3+ 18.Bxf3 Bxd2 19.Qxd2 f5 20.Qb4 fxe4 21.Bxe4 Nf6
22.Nb6 Rb8 23.f3 Nxe4 24.fxe4 Qg5 25.Qc3 Bg4 26.Qg3 Qf4 27.Qxf4 Rxf4 28.Re1 g5
29.Rac1 Rbf8 30.h3 Bh5 31.Nc8 R4f6 32.Rc7 Kh8 33.Ne7 R6f7 34.Rec1 g4 35.Nf5 Rxc7
36.Rxc7 gxh3 37.gxh3 Bf3 38.Nxd6 Kg8 39.Rxb7 Rd8 40.Rb6 Be2 41.Kf2 Bd3 42.Ke3 Bf1
43.h4  1-0

[Event "Vosu op"]
[Site "Vosu"]
[Date "1989.??.??"]
[Round "?"]
[White "Katishonok, Nikolaj"]
[Black "Marin, Mihail"]
[Result "0-1"]
[WhiteElo "2225"]
[BlackElo "2475"]

1.d4 Nf6 2.Nf3 g6 3.c4 Bg7 4.Nc3 O-O 5.e4 d6 6.Be2 e5 7.d5 a5 8.Bg5 h6 9.Bh4 Na6
10.Nd2 Qe8 11.a3 Bd7 12.b3 Nh7 13.Qc2 f5 14.f3 h5 15.Rb1 Bh6 16.Bf2 Qe7 17.h4 Rf7
18.b4 axb4 19.axb4 Nf6 20.Bd3 Raf8 21.Ke2 c6 22.dxc6 Bxc6 23.exf5 e4 24.fxe4 gxf5
25.b5 fxe4 26.bxc6 exd3+ 27.Kxd3 Ng4 28.Bd4 Ne5+ 29.Bxe5 Qxe5 30.Qd1 Nc5+
31.Kc2 Rf2 32.Re1 Qf5+  0-1

[Event "Vrnjacka Banja"]
[Site "Vrnjacka Banja"]
[Date "1989.??.??"]
[Round "?"]
[White "Vuruna, Miodrag"]
[Black "Reyes, Juan"]
[Result "0-1"]
[WhiteElo "2310"]
[BlackElo "2445"]

1.Nf3 Nf6 2.c4 g6 3.Nc3 Bg7 4.e4 d6 5.d4 O-O 6.Be2 e5 7.O-O exd4 8.Nxd4 Re8
9.f3 c6 10.Kh1 Nbd7 11.Nc2 Nb6 12.Bg5 h6 13.Bh4 g5 14.Bg3 d5 15.cxd5 cxd5
16.Nb5 Nh5 17.Bc7 Qd7 18.Ncd4 Nc4 19.Bxc4 dxc4 20.Rc1 Bxd4 21.Qxd4 Qxb5 22.Rxc4 Be6
23.Rcc1 Rac8 24.Rfd1 Nf4 25.g3 Ng6 26.Qf6 Qe2 27.Re1 Qa6 28.h4 g4 29.fxg4 Bxg4
30.Qxa6 Bf3+ 31.Kh2 bxa6 32.e5 h5 33.Rc5 Bg4 34.Kg2 f6 35.Rf1 fxe5 36.Rf6 Re6
37.Rxe6 Bxe6 38.a3 a5 39.b4 axb4 40.axb4 a6 41.Rc6 Kf7  0-1

[Event "Warsaw op"]
[Site "Warsaw"]
[Date "1989.??.??"]
[Round "?"]
[White "Bang, Andreas"]
[Black "Sarwinski, Miroslaw"]
[Result "1-0"]
[WhiteElo "2315"]
[BlackElo "2395"]

1.Nf3 Nf6 2.c4 g6 3.Nc3 Bg7 4.e4 d6 5.d4 O-O 6.Be2 e5 7.O-O Na6 8.Re1 Bg4
9.d5 Nc5 10.Bg5 a5 11.Nd2 Bd7 12.b3 h6 13.Bh4 Qe8 14.a3 Nh7 15.b4 axb4 16.axb4 Na6
17.Rb1 f5 18.exf5 Bxf5 19.Nde4 g5 20.Bg3 b6 21.c5 bxc5 22.Bxa6 Rxa6 23.bxc5 Nf6
24.f3 g4 25.fxg4 Nxg4 26.Rb7 Qc8 27.Qb3 Nf6 28.Nxf6+ Bxf6 29.c6 Bd3 30.Nb5 Qf5
31.h3 e4 32.Nxc7 Bd4+ 33.Kh2 Be5 34.Re3 Ra1 35.Bxe5 Qxe5+ 36.Rg3+ Kh8 37.Rb8 Rf1
38.Ne6  1-0